| 000 | 00448cam a22001692 4500 | ||
|---|---|---|---|
| 001 | 000011520 | ||
| 003 | DO-SdBNP | ||
| 005 | 20180510130859.0 | ||
| 008 | 171024b1998 dr 00| 0 spa d | ||
| 040 |
_6 _aBPMSU _bspa _cBPMSU |
||
| 100 | 1 | _aStowe, Harriet Beecher, | |
| 245 | 1 | 3 | _aLa cabaña del tio Tom / |
| 260 |
_aSanto Domingo : _bTobogán _c1998 |
||
| 942 |
_2ddc _cBK |
||
| 945 | _aInventariado, 2017 /VM | ||
| 956 |
_2 _aVMATEO _b10 _c20171024 _dBPMSU _f0069 |
||
| 999 |
_c7137 _d7137 |
||